Statistiques concernant Discographie Vald

Cliquez ici pour prendre le quiz!

Statistiques générales

  • Ce quiz a été pris 271 fois
  • Le résultat moyen est 66 sur 186

Statistiques - réponses

AlbumArtisteMorceaux% Correct
Agarthafeat. DamsoVitrine
84%
NQNTMQMQMBfeat. Suikon Blaze ADNQNT
80%
Ce monde est cruelCe monde est cruel
78%
XEUDésaccordé
78%
XEUfeat. SofianeDragon
76%
NQNTMQMQMBJournal Perso
72%
Ce monde est cruelJournal Perso II
72%
Ce monde est cruelfeat. Suikon Blaze ADNQNTMQMQMB
69%
XEUGris
68%
Ce monde est cruelHalloween
68%
Ce monde est cruelRappel
68%
NQNT 2Bonjour
67%
NQNT33Rechute
66%
Ce monde est cruelfeat. MaesASB
65%
XEUDeviens Génial
65%
Ce monde est cruelfeat. SchDernier retrait
64%
XEURéflexions basses
64%
Agarthafeat. Suikon Blaze ADBlanc
63%
AgarthaMegadose
62%
Rien à branlerLorenzo feat. ValdBizarre
61%
AgarthaMa meilleure amie
61%
XEUNe me déteste pas
61%
XEUfeat. Suikon Blaze ADOffshore
61%
XEUPrimitif
61%
NQNT 2Selfie
61%
XEUPossédé
59%
Ce monde est cruelRoyal Bacon
59%
XEUSeum
59%
XEUTrophée
59%
NQNT33Possédé (Remix)
58%
AgarthaStrip
58%
AgarthaLezarman
57%
Ce monde est cruelPensionman
57%
XEURocking Chair
57%
NQNTC'est Pour
56%
AgarthaL.D.S
56%
AgarthaDernier verre
55%
Echelon Vol. 1Gotaga
55%
AgarthaJe t'aime
55%
XEURésidus
55%
AgarthaEurotrap
54%
Horizon verticalHeuss l'Enfoiré x ValdGuccissima
53%
Ce monde est cruelMa star
53%
Horizon verticalHeuss l'Enfoiré x ValdRoyal cheese
53%
AgarthaAcacia
52%
Horizon verticalHeuss l'Enfoiré x ValdHorizon Vertical
52%
XEUJentertain
52%
DetailKoba LaD feat. ValdPas de reine
52%
FAMELefa feat. ValdBitch
51%
XEUDQTP
51%
Enfant luneGringe feat. Orelsan, Vald, Suikon Blaze ADQui dit mieux
51%
XEUfeat. SiriusRituel
51%
AgarthaTotem
51%
NQNT 2feat. Suikon Blaze ADInfanticide
50%
Ce monde est cruelPoches pleines
50%
Ce monde est cruelIgnorant
49%
Ce monde est cruelKeskivonfer
49%
Ce monde est cruelNo Friends
49%
Horizon verticalHeuss l'Enfoiré x ValdMatrixé
48%
NQNT33YAX3
48%
XEUChépakichui
47%
AgarthaSi j'arrêtais
47%
AgarthaLibellule
46%
NQNT 2Urbanisme
46%
93 EmpireSofiane feat. Vald, Mac Tyer, Soolking, Kalash Criminel, Heuss l'Enfoiré, SadekWoah
46%
Horizon verticalHeuss l'Enfoiré x Vald1992
45%
Horizon verticalHeuss l'Enfoiré x Vald2014
45%
NQNTAutiste
45%
Horizon verticalHeuss l'Enfoiré x ValdCanada
45%
93 EmpireSofiane feat. ValdIencli
45%
Ce monde est cruelJ'pourrai
45%
AgarthaPetite chatte
45%
Ce monde est cruelPourquoi
45%
La fosse aux lionsKalash Criminel feat. ValdUn jour de plus
45%
Brrr EPVladimir Cauchemar feat. ValdElévation
43%
AgarthaKid Cudi
43%
Echelon Vol. 2Echelon 2
41%
NQNT 2Promesse
41%
NQNTShoote Un Ministre
41%
Les marches de l'empereur Saison 3/ Episode 1Alkpote feat. ValdPlus haut
40%
NQNTMQMQMBSurprise
40%
Horizon verticalHeuss l'Enfoiré x ValdAdios
39%
AgarthaNeo
39%
NQNTAulnay Sous Bois
36%
NQNTMQMQMBBranleur
36%
NQNT33Mana
36%
SingleFootballeur
35%
En espritHeuss l'enfoiré feat. ValdL'addition
35%
NQNT 2Ogre
35%
NQNTPar Toutatis
34%
Je vois les couleurs7 Jaws feat. ValdJusqu'à la fin
33%
Horizon verticalHeuss l'Enfoiré x ValdMélange
33%
NQNT33Sombre Soirée
33%
Horizon verticalHeuss l'Enfoiré x ValdVHR
33%
En Passant Pécho (BO inspirée du film)Kore feat. ValdBaby
32%
Horizon verticalHeuss l'Enfoiré x ValdDiviser pour mieux régner
32%
Horizon verticalHeuss l'Enfoiré x ValdMauvais
32%
Echelon Vol. 2Mushu
32%
NQNT 2Retour
32%
Game OverHornet La Frappe feat. ValdValise
32%
Echelon Vol. 1C'est pas nous les méchants
30%
SingleGizeh
30%
NQNT 2Quidam
30%
NQNT 2Taga
30%
NQNT33MacDo
29%
NQNT33Vlad
29%
NQNT 2Cartes sous l'coude
28%
NQNTMQMQMBCQFD
28%
NQNTCQFD (Bonus Track)
28%
NQNTMQMQMBInterlude
28%
NQNT 2Joffrey
28%
NQNT33Molly Interlude
28%
NQNT33Berflam
26%
NQNT33Foie gras
26%
NQNT33Baby Squirt
25%
Rien 100 RienJul feat. ValdJ'suis loin
25%
NQNTMQMQMBV.A.L.S.E
25%
XX5Georgio feat. ValdBarbara
24%
SingleEnvie
24%
NQNTfeat. ADFlowjob
24%
NQNT33Kamasutra
24%
NQNT | NQNTMQMQMBSmiley
24%
NQNTElle Me Regarde
22%
NQNTMQMQMBfeat. GeorgioElyxir
22%
NQNT33No Tube Zone
22%
NQNTVie De Cochon
22%
Booska Pefra, Vol. 1Booska P x ValdVie de cochon
22%
NQNT33Rhumance
21%
Aimons-Nous VivantsSadek feat. ValdAlliance
20%
SingleCompas
20%
NQNTMQMQMBfeat. Double FLettre à Elise
20%
NQNTMQMQMBLune
20%
NQNTMQMQMBfeat. Suikon Blaze ADMetafion
20%
NQNTMQMQMBfeat. RabakarPour si peu
20%
NQNTMQMQMBWinston
20%
NQNTMQMQMBfeat. GeorgioLa ive
19%
NQNTMQMQMBVerre de sang
19%
NQNT 2Bareme
18%
Booska Pefra, Vol. 7Booska P x ValdBooskaVald
18%
NQNTMQMQMBDonkey Punch
18%
FLEAUGims feat. ValdJETEZ PAS L'OEIL
18%
NQNTPF (Bonus Track)
18%
NQNTSullyvan
18%
Booska Pefra, Vol. 2Booska P x ValdBooska NQNT2
17%
Carré VIPNaps feat. ValdPour eux
17%
NQNTMQMQMBPoésie moderne
16%
Soleil d'hiverGeorgio x Hologram Lo' feat. Vald, Alpha Wann, LomepalSex, Drug & Rock'n'roll
16%
OyokiKalash Criminel feat. Vald, Mac TyerGuedro (Remix)
15%
NQNTHorrible
15%
NQNTMQMQMBLalala
15%
NQNTMQMQMBfeat. BazooCylindrique
14%
NQNTMQMQMBfeat. Suikon Blaze ADAss propos
13%
SingleLe mignon
13%
NQNTMQMQMBfeat. Suikon Blaze ADDeuspi
12%
NQNTMQMQMBEncore
12%
NQNTMQMQMBfeat. DF, GabHippopotomonstrosesquippedaliophobie
12%
NQNTMQMQMBfeat. Suikon Blaze ADQue fait la police
12%
Booska Pefra, Vol. 4Booska P x ValdBooskAgartha
11%
Boulangerie françaiseDJ weedim feat. ValdEcailles
11%
NQNTMQMQMBGouaould (Interlude)
11%
NQNTMQMQMBPas Grave
11%
Ni saint ni sauf, Vol. 2I.n.c.h feat. ValdPentacles et bougies
11%
NQNTMQMQMBGuedin
10%
NQNTMQMQMBfeat. Suikon Blaze ADJohn Doe
10%
NQNTMQMQMBfeat. Suikon Blaze ADMon présent
10%
NQNTMQMQMBSpirale
10%
NQNTMQMQMBAdulez-moi (Interlude)
9%
NQNTMQMQMBfeat. Suikon Blaze AD, Bazoo et GeorgioBad Trip
9%
NQNTMQMQMBBukkake
9%
NQNTMQMQMBfeat. GeorgioEpices loufoques
9%
NQNTMQMQMBEvoluchienne
9%
NQNTMQMQMBfeat. WFado (Interlude)
9%
NQNTMQMQMBfeat. Suikon Blaze ADLa comptine de Sullyvan (Interlude)
9%
NQNTMQMQMBNique le bordel
9%
NQNTMQMQMBRockstar
9%
NQNTMQMQMBfeat. Suikon Blaze ADJ'ai vu (Interlude)
7%
NQNTMQMQMBTeh stylé
7%
Marqué à vieTunisiano feat. Vald, Sofiane, Ol'KainryCarré
6%
Mixtape KingzGrodash feat. Vald, Lomepal, Georgio, Kema, Rmak, Eech, A2H, EricDaylimotion Freestyle
5%
Ricky MartinGoune feat. ValdMon insolence
4%
SingleJarod feat. ValdBrutaliser
3%
L'adultère est un jeu d'enfantMissak feat. Vald, Demi Portion, Doc Brown, Eddy woogy, Ethor skull, Georgio, LIQID, Lucio Bulowski, NekfeuMa b**te et ma voix
3%
NQNT33Non strop
3%
SingleCorbakh feat. ValdOn Les Casse
1%
MutantRim'K feat. ValdLeLorean
0%

Distribution des résultats

Percentile par nombre de réponses

% des personnes avec chaque résultat

Votre développement - résultats

Vous n’avez pas pris ce quiz